Administración: una perspectiva global

Gespeichert in:
Bibliographische Detailangaben
Hauptverfasser: Koontz, Harold (VerfasserIn), Weihrich, Heinz (VerfasserIn)
Format: Buch
Sprache:Spanisch
Veröffentlicht: Ciudad de México McGraw-Hill 1994
Ausgabe:5a. ed
Schlagworte:
Tags: Tag hinzufügen
Keine Tags, Fügen Sie den ersten Tag hinzu!

MARC

LEADER 00000nam a2200000 a 4500
001 UCX9965
003 CL-VaPUC
008 940705e19940000MX |||||||||||||||||spa|d
082 0 4 |a 658  |b KOO  |2 21 
100 |a Koontz, Harold  |e author  |9 222211 
700 0 |a Weihrich, Heinz  |e author  |9 327503 
245 1 0 |a Administración: una perspectiva global 
250 |a 5a. ed 
300 |a 745 p 
942 |c BK 
945 |d 19940705 00:00:00  |a mfernand 
260 |a Ciudad de México  |b McGraw-Hill  |c 1994 
650 0 |a Administración de empresas   |9 260833 
583 |a last modification  |c 19940705 00:00:00  |k Rodrigo Vera 
999 |c 229072  |d 229070 
952 |0 0  |1 0  |4 0  |6 658_000000000000000_KOO_1994  |7 0  |8 A  |9 229621  |a BIBENE  |b BIBENE  |d 2019-11-15  |i 2992566  |o 658 KOO 1994  |p 2992566  |r 2025-01-15  |w 2019-11-15  |y BK  |k ICO 
952 |0 0  |1 0  |4 0  |6 658_000000000000000_KOO_1994  |7 0  |8 A  |9 229622  |a BIBENE  |b BIBENE  |d 2019-11-15  |i 2992574  |o 658 KOO 1994  |p 2992574  |r 2025-01-15  |w 2019-11-15  |y BK  |k ICO 
952 |0 0  |1 0  |4 0  |6 658_000000000000000_KOO_1994  |7 0  |8 A  |9 229623  |a BIBENE  |b BIBENE  |d 2019-11-15  |i 2992582  |o 658 KOO 1994  |p 2992582  |r 2025-01-15  |w 2019-11-15  |y BK  |k ICO 
952 |0 0  |1 0  |4 0  |6 658_000000000000000_KOO_1994  |7 0  |8 A  |9 229624  |a BIBEDU  |b BIBEDU  |d 2019-11-15  |i 3163873  |o 658 KOO 1994  |p 3163873  |r 2019-11-15  |w 2019-11-15  |y BK  |k EDU 
952 |0 0  |1 0  |4 0  |6 658_000000000000000_KOO_1994  |7 0  |8 A  |9 229625  |a BIBCUR  |b BIBCUR  |d 2019-11-15  |i 318417K  |o 658 KOO 1994  |p 318417K  |r 2025-04-22  |w 2019-11-15  |y BK  |k PER 
952 |0 0  |1 0  |4 0  |6 658_000000000000000_KOO_1994  |7 0  |8 A  |9 229627  |a BIBENE  |b BIBENE  |d 2019-11-15  |i 3337774  |o 658 KOO 1994  |p 3337774  |r 2025-01-15  |w 2019-11-15  |y BK  |k ICO